000
00271nam a2200109Ia 4500
001
588723
005
20250717120836.0
008
250717s9999 xx 000 0 und d
245
0
_a
Z-1 MEZARLIKTAKİ HAZİNE
_c
AHMET TEZCAN
260
_b
ERDEM YAYINLARI
_c
2019
300
_b
96
999
_c
588723
_d
588723